| 000 | 00484nam a22001817a 4500 | ||
|---|---|---|---|
| 003 | CEME | ||
| 005 | 20210628202753.0 | ||
| 008 | 210125b xxu||||| |||| 00| 0 eng d | ||
| 020 | _a0-521-59346-8 | ||
| 040 | _c. | ||
| 082 | _a519.503 EVE | ||
| 100 |
_aEveritt, B.S _961530 |
||
| 245 | _aDictionary of statistics | ||
| 260 |
_aNEW YORK _bCAMBRIDGE _c1999 |
||
| 300 | _aVIII,360 P | ||
| 650 |
_aMATHEMATICAL STATISTICS-DICTIONARIES.STATISTICS DICTIONARY _961531 |
||
| 942 |
_cBK _2ddc |
||
| 999 |
_c570956 _d570956 |
||